Vznik bankovej únie a jej dopady na bankový sektor v SR diplomová práca

Guardado en:
Detalles Bibliográficos
Autor principal: Gavorníková, Natália
Autor Corporativo: Národohospodárska fakulta EU. Katedra bankovníctva a medzinárodných financií
Otros Autores: Šturc, Boris, 1961-
Formato: Libro
Lenguaje:eslovaco
Publicado: Bratislava 2014
Etiquetas: Agregar Etiqueta
Sin Etiquetas, Sea el primero en etiquetar este registro!

MARC

LEADER 00000nbm a2200000 4500
001 0187516
005 20170201090044.8
041 0 |a slo 
044 |a SK 
245 1 0 |a Vznik bankovej únie a jej dopady na bankový sektor v SR  |b diplomová práca  |c Natália Gavorníková ; školiteľ: Boris Šturc 
264 1 |a Bratislava  |c 2014 
300 |a 51 s. 
100 1 |a Gavorníková, Natália 
700 1 |a Šturc, Boris, 1961- 
710 2 |a Národohospodárska fakulta EU. Katedra bankovníctva a medzinárodných financií